000 01526nam a2200301Ia 4500
999 _c53437
_d53437
001 20481
003 GE_BSU
005 20210103221725.0
008 181216s1991||||ge |||||||||||||| ||geo||
040 _cGE_BSU
041 _ageo
080 _a811.353.1-8(075.3) შ-21
100 _aშანიძე, აკაკი
_99968
245 _aქართული ენა : (სინტაქსი, პუნქტუაცია, მეტყველების განვითარება) :
_bმე-8 კლასის სახელმძღვანელო /
_cაკაკი შანიძე, ლ. კვაჭაძე ; რედ. ე. პოლოლიკაშვილი, ნ. სუხიტაშვილი.
250 _aმე-4 გამოცემა
264 _aთბილისი :
_bგანათლება,
_c1991.
300 _a92 გვ. ;
_c20 სმ.
541 _h2ლ.40თ.
653 _aმე-8 კლასის სახელმძღვანელო
653 _aქართული ენა
653 _aსინტაქსი
653 _aპუნქტუაცია
653 _aმეტყველების განვითარება
700 _aკვაჭაძე, ლ.
_eავტორი
_99969
700 _aპოლოლიკაშვილი, ე.
_eრედაქტორი
_94959
700 _aსუხიტაშვილი, ნ.
_eრედაქტორი
_99970
942 _cBK
_2udc